000 00289nam a2200121Ia 4500
008 220204s9999 xx 000 0 und d
082 _a595.7
_bHER.1
245 0 _aSocial insects. V 1.
260 _aLondon
_bAcademic
_c1979
650 _aInsects
700 _aHERMANN, Henry R
942 _cBK
999 _c33739
_d33739